000
00226nam a2200097Ia 4500
005
20251222114403.0
008
251222s1900||||xx |||||||||||||| ||spa||
082
_a
DVD0092/L45/2006
245
0
_a
Los Pasos de Toribio:
942
_c
DVD
999
_c
1717
_d
1717